000 00279nam a2200097Ia 4500
008 230907s9999||||xx |||||||||||||| ||und||
082 _a620,RES
245 4 _aThe research report on application of low-carbon technology in Expo 2010 Shanghai.
300 _axv, 247p.:
942 _cBK
999 _c597470
_d597470